| 000 | 00856nam a2200253Ia 4500 | ||
|---|---|---|---|
| 003 | OSt | ||
| 005 | 20220926004811.0 | ||
| 006 | a|||||r|||| 00| 0 | ||
| 007 | ta | ||
| 008 | 220923b |||||||| |||| 00| 0 eng d | ||
| 020 |
_a9788132102960 _c361.25 |
||
| 037 |
_b1644, 20/03/2010, Rajeshwar Books Pvt. Ltd., _cGeneral Book |
||
| 040 |
_aRTL _cRTL _beng |
||
| 041 |
_2eng _aeng |
||
| 082 | _aY9(T2:3), Q0 | ||
| 100 |
_aBatra Poonam _9309266 |
||
| 245 | 0 |
_aSocial science learning in schools _b Perspective and challenges. |
|
| 260 |
_a New Delhi _bSage _c2010 |
||
| 300 |
_axiii, 320p. _ccm. |
||
| 500 | _aBibliography chapterwise; Appendix: P 305-306; Glossary: P 307-309 | ||
| 650 | _aSociology | ||
| 942 |
_hY9(T2:3), Q0 _cGB _2CC |
||
| 999 |
_c612300 _d612300 |
||